000 01029nam a2200301 i 4500
001 bg
003 BPK
005 20190927092927.0
008 980702s1996 pl a f f |000 0 pol
015 _aPB 1996/2057
020 _a8301119748
040 _aWA N
_cBPK
041 1 _apol
_hger
080 _a005.2
080 _a(075.8)
100 1 _aKreikebaum, Hartmut.
245 1 0 _aStrategiczne planowanie w przedsiębiorstwie /
_cHartmut Kreikebaum ; przekł. [z niem.] Wojciech Zawisza.
246 1 _iTyt. oryg.:
_aStrategische Unternehmensplanung,
_f1993.
260 _aWarszawa :
_bWydaw. Naukowe PWN,
_c1996.
300 _a282, [2] s. :
_brys. ;
_c21 cm.
504 _aBibliogr. s. 262-[283].
655 4 _aPodręczniki akademickie
650 4 _aPlanowanie strategiczne
700 1 _aZawisza, Wojciech.
_eTł.
710 2 _aWydawnictwo Naukowe PWN
_4pbl.
856 _uhttp://koha.tu.koszalin.pl/cgi-bin/koha/opac-detail.pl?biblionumber=24741
_yKatalog online BPK
942 _2UKD
_cKS
999 _c24741
_d24741